000 01071nam a2200241Ia 4500
999 _c5685
_d5685
003 OSt
005 20200624194713.0
008 191128s1949 fr gr 000 0 fr d
040 _aCO-JMCR
_cCO-JMCR
041 0 _afr
082 0 4 _a330.156 /
_bG787e
_223
100 1 _aGruson, Claude,
_eautor
_96139
245 1 0 _aEsqisse d'une théorie génerale de l'equilibre économique :
_bréflexions sur la théorie générale de Lord Kynes /
_cpar Claude Gruson
260 _aParis :
_bPresses Universitaires de France,
_c1949.
300 _a328 páginas ;
_c20 cm.
490 0 _aTheoria études sur la théorie moderne de l'économie publiées
505 0 _aL'évolution de la conjoncture dans une économie a monnaie neutre --Les mécanismes de l'évolution économique et la stabilisation par l'action bancaire -- La stabilité économique dans les systémes monétaires réels
546 _aTexto en francés
650 1 4 _aTeoría económica
_xEconomía
_96140
650 2 4 _aEconomía
_xEconomía
_96141
650 2 4 _akeynesiana
_xEquilibrio
_96142
942 _2ddc
_cBK